| 000 | 00675 a2200205 4500 | ||
|---|---|---|---|
| 003 | OSt | ||
| 005 | 20180116182923.0 | ||
| 008 | 160520b xxu||||| |||| 00| 0 eng d | ||
| 020 | _a0 | ||
| 040 | _c0 | ||
| 082 | _a001.4095957 DIR 1996 | ||
| 100 | _aThe National University of Singapore. | ||
| 110 | _aThe National University of Singapore. | ||
| 245 |
_aDirectory of Research Academic year 1995-96. _cThe National University of Singapore. |
||
| 250 |
_aSingapore. _bThe National University of Singapore. |
||
| 260 |
_aSingapore. _bThe National University of Singapore. _c1996 |
||
| 300 |
_a360p. _bPB |
||
| 500 | _aPaper cover. | ||
| 942 |
_aNBS _cBK _k001.4095957 DIR _2ddc |
||
| 999 |
_c348507 _d348507 |
||